| 000 | 00447nam a2200181Ia 4500 | ||
|---|---|---|---|
| 008 | 240510s9999 xx 000 0 und d | ||
| 041 | _aEng | ||
| 082 | _a004.1 | ||
| 082 | _bS51 | ||
| 100 | _abhatnagar, s.c. (ed) (et-al) | ||
| 245 | 0 | _aSocial implication of computers in developing countries | |
| 260 | _bTata McGraw hill:New delhi | ||
| 260 | _c1992 | ||
| 300 | _a331 p. | ||
| 650 | _aComputer Science | ||
| 942 | _2ddc | ||
| 942 | _cLBK | ||
| 999 |
_c27196 _d27196 |
||
| 945 |
_a1 _bMadushi Gamage _c1 _dMadushi Gamage |
||